| 000 | 00839nam a2200253 i 4500 | ||
|---|---|---|---|
| 001 | bg | ||
| 100 | 1 | _aKRAWCZYŃSKI, Marcin | |
| 245 | 1 | 0 |
_aSpójność grupowa a dojrzałość społeczna : _bstudia z psychologii sportu / _cMarcin Krawczyński. |
| 260 |
_aGdańsk : _bWydaw. Uczelniane AWF [Akademii Wychowania Fizycznego], _c1995. |
||
| 300 |
_a202, [2] s. : _bwykr. ; _c24 cm. |
||
| 504 | _aBibliogr. s. 171-200. - Summ. | ||
| 650 | 9 |
_aGrupy społeczne _xzagadnienia |
|
| 650 | 9 |
_aOsobowość _xbadanie _xmetody |
|
| 650 | 9 |
_aPsychologia społeczna _xzagadnienia |
|
| 650 | 9 |
_aSport _xpsychologia |
|
| 655 | _aSprawdziany i testy | ||
| 020 | _a8385968261 | ||
| 040 | _cBPK | ||
| 041 | 0 |
_apol _beng |
|
| 080 | _a796-051:159.923.072:316.35 | ||
| 920 | _a83-85968-26-1 | ||
| 942 | _cKS | ||
| 008 | s pl f |000 0 pol | ||
| 999 |
_c30783 _d30783 |
||
| 856 |
_uhttp://koha.tu.koszalin.pl/cgi-bin/koha/opac-detail.pl?biblionumber=30783 _yKatalog online BPK |
||